000 00617nam a2200205Ia 4500
005 20221130140305.0
008 131103s9999 xx 000 0 und d
040 _aLoreto College
041 _aEnglish
082 _a954.82
_bMUK
100 _aMukherjee,Nilmani
245 4 _aThe ryotwari system in Madras 1792 - 1827
_cNilmani Mukherjee, with a foreword by N.K.Sinha
260 _aCalcutta
_bFirma K.L.Mukhopadhyay
_c1962
300 _a397 p.
504 _aIncludes glossary,bibliography and index
650 _aRyotwari System In Madras
700 _aSinha,N.K.,foreward.
850 _aLCLIB
942 _cBK
999 _c10273
_d60752